00380nam a2200157Ia 4500003000400000008004100004040001600045082001900061100001800080245003100098260003700129300000900166650001300175650001700188650001700205GCL140319s9999 xx 000 0 eng d aGCL / cGCL04aCHb573.6bP B1 aPARKER, STEVE10aTHE BODY / cPARKER, STEVE a[S.N] : bLORENZ BOOKS ، c1996 a64 P04aCHILDREN04aSIZE OF BODY04aCHILD - CARE